000 00603nam a2200217Ii 4500
003 JO-AjNU
008 230606s9999||||xx |||||||||||||| ||und||
020 _a0-07-036508-3
040 _aJO-AjNU
_beng
_erda
_cJO-AjNU
041 _aeng
050 1 4 _aHF6535.M8756 1988
100 3 _aLarsen, jone, A. N. Mosich,
_eauthor
_96805
245 0 0 _aMODERN ADVANCED ACCOUNTING
250 _a3rd ed
264 3 1 _aNew york: McGraw-Hill, 1988
300 _a1002p
336 _atext
_btxt
_2rdacontent
337 _aunmediated
_bn
_2rdamedia
338 _avolume
_bnc
_2rdacarrier
650 4 _aACCOUNTING
_96806
999 _aE3545
_c3527
_d3527